Visualizzazione normale
Vista MARC
- Eastwood Kyle
di Personal Name
Records bibliografici associati: 1
001 - CONTROL NUMBER
- control field: 40400
003 - CONTROL NUMBER IDENTIFIER
- control field: IT-RoPau
005 - DATE AND TIME OF LATEST TRANSACTION
- control field: 20151126151007.0
008 - FIXED-LENGTH DATA ELEMENTS
- fixed length control field: 151126|| aca||aabn | a|a d
040 ## - CATALOGING SOURCE
- Original cataloging agency: IT-RoPau
- Transcribing agency: IT-RoPau
100 ## - HEADING--PERSONAL NAME
- Personal name: Eastwood Kyle
- Relator term: (musica)
- Miscellaneous information: Codice Musica SPICS: 59798
670 ## - SOURCE DATA FOUND
- Source citation: Work cat.: (IT-RoPau)105259: Eastwood Clint Codice regista SPICS: 45075 40395, INVICTUS - L'INVINCIBILE INVICTUS - L'INVINCIBILE (Rif. Codice opera principale : K0583)